Когнитивные и риторические основы президентской речи (на материале выступлений В.В. Путина и Б.Н. Ельцина) (Запись № 1633702)

Подробности
000 -МАРКЕР
контрольное поле 01784nam0a2200361 4500
001 - ИДЕНТИФИКАТОР ЗАПИСИ
контрольное поле RU\NLR\bibl\585889
005 - ИДЕНТИФИКАТОР ВЕРСИИ
контрольное поле 20260407065219.0
010 ## - МЕЖДУНАРОДНЫЙ СТАНДАРТНЫЙ НОМЕР КНИГИ (ISBN)
Номер (ISBN) 5-8465-0282-2
Тираж 500
035 ## - ДРУГИЕ СИСТЕМНЫЕ НОМЕРА
Идентификатор записи (NLR Aleph) 000577872
100 ## - ДАННЫЕ ОБЩЕЙ ОБРАБОТКИ
Данные общей обработки 20041220d2004 |||y0rusy50 ca
101 0# - ЯЗЫК РЕСУРСА
Язык текста, звукозаписи и т.д. русский
102 ## - СТРАНА ПУБЛИКАЦИИ ИЛИ ПРОИЗВОДСТВА
Страна публикации Российская Федерация
105 ## - ПОЛЕ КОДИРОВАННЫХ ДАННЫХ: ТЕКСТОВЫЕ МАТЕРИАЛЫ, МОНОГРАФИЧЕСКИЕ
Кодированные данные о монографическом текстовом документе y |||||||||
200 1# - ЗАГЛАВИЕ И СВЕДЕНИЯ ОБ ОТВЕТСТВЕННОСТИ
Основное заглавие Когнитивные и риторические основы президентской речи (на материале выступлений В.В. Путина и Б.Н. Ельцина)
Первые сведения об ответственности М.В. Гаврилова
210 ## - ПУБЛИКАЦИЯ, РАСПРОСТРАНЕНИЕ И ДР.
Место издания, распространения и т.д. СПб.
Имя издателя, распространителя и т. д. Филол. фак. СПбГУ
Дата издания, распространения и т.д. 2004
215 ## - ФИЗИЧЕСКАЯ ХАРАКТЕРИСТИКА
Специфическое обозначение материала и объем 294,[1] с.
Размеры 20
225 1# - СЕРИЯ
Основное заглавие серии Филологические исследования
320 ## - ПРИМЕЧАНИЯ О НАЛИЧИИ В ДОКУМЕНТЕ БИБЛИОГРАФИИ / УКАЗАТЕЛЯ
Текст примечания Библиогр.: с. 247-254 и в подстроч. прим.
606 0# - НАИМЕНОВАНИЕ ТЕМЫ КАК ПРЕДМЕТ
Наименование темы Ораторское искусство
Географический подзаголовок Российская Федерация
Системный номер авторитетной/нормативной записи 2363811
Идентификатор авторитетной/нормативной записи RU\NLR\auth\661411356
606 0# - НАИМЕНОВАНИЕ ТЕМЫ КАК ПРЕДМЕТ
Наименование темы Риторика
Географический подзаголовок Российская Федерация
Системный номер авторитетной/нормативной записи 2363812
Идентификатор авторитетной/нормативной записи RU\NLR\auth\661411357
606 0# - НАИМЕНОВАНИЕ ТЕМЫ КАК ПРЕДМЕТ
Наименование темы Риторика политическая
Географический подзаголовок Российская Федерация
Системный номер авторитетной/нормативной записи 2363820
Идентификатор авторитетной/нормативной записи RU\NLR\auth\661411361
686 ## - ИНДЕКСЫ ДРУГИХ КЛАССИФИКАЦИЙ
Индекс Ш74
686 ## - ИНДЕКСЫ ДРУГИХ КЛАССИФИКАЦИЙ
Индекс Ш78
700 #1 - ИМЯ ЛИЦА - ПЕРВИЧНАЯ ОТВЕТСТВЕННОСТЬ
Код отношения Автор
Материалы, к которым относится поле rus
Графика поля Кириллица
Начальный элемент ввода Гаврилова
Часть имени, кроме начального элемента ввода М. В.
Дополнения к именам, кроме дат д-р филол. наук
Даты 1964-
Расширение инициалов личного имени Марина Владимировна
Идентификатор авторитетной/нормативной записи RU\NLR\AUTH\7795609
Системный номер авторитетной/нормативной записи 78535
702 #1 - ИМЯ ЛИЦА - ВТОРИЧНАЯ ОТВЕТСТВЕННОСТЬ
Код отношения Прочие
Материалы, к которым относится поле rus
Графика поля Кириллица
Начальный элемент ввода Ельцин
Часть имени, кроме начального элемента ввода Б. Н.
Даты 1931-2007
Расширение инициалов личного имени Борис Николаевич
Идентификатор авторитетной/нормативной записи RU\NLR\auth\7715990
Системный номер авторитетной/нормативной записи 125635
702 #1 - ИМЯ ЛИЦА - ВТОРИЧНАЯ ОТВЕТСТВЕННОСТЬ
Код отношения Прочие
Материалы, к которым относится поле rus
Графика поля Кириллица
Начальный элемент ввода Путин
Часть имени, кроме начального элемента ввода В. В.
Даты 1952-
Расширение инициалов личного имени Владимир Владимирович
Идентификатор авторитетной/нормативной записи RU\NLR\auth\7714829
Системный номер авторитетной/нормативной записи 124492
801 #0 - ИСТОЧНИК ЗАПИСИ
Страна Российская Федерация
Организация NLR
Дата составления 20041220
Правила каталогизации PSBO
801 #1 - ИСТОЧНИК ЗАПИСИ
Страна Российская Федерация
Организация NLR
Дата составления 20041220
942 ## - ДОПОЛНИТЕЛЬНЫЕ ЭЛЕМЕНТЫ ЗАПИСИ (АБИС)
Тип экземпляра АБИС Книга
980 ## - КОЛЛЕКЦИЯ
Название коллекции Национальная библиография
Экземпляры
Тип экземпляра Дата поступления Источник поступления Библиотека постоянного хранения Библиотека текущего хранения Место хранения Шифр хранения Штрих-код Статус экземпляра
Книга 20.12.2004 Дар РНБ (Московский) РНБ (Московский) Русский книжный фонд: издания с 1957 года 2004-3/26186 1-1819299